Sports Quiz

Random Sports Quiz

Gymnastics Skills Quiz Stats

 Plays Quiz not verified by Sporcle

Score 0/20 Timer 10:00
0 Plays Today
discription Skill % Correct
flip bakcwards body tuckedback tuck
91.6%
flip forwards body tuckedfront tuck
91.3%
flip backwards hands on groundbackhandspring
84.3%
flip forwards hands on groundfront handspring
84%
upside on handshandstand
82.9%
flip forwards body pikedfront pike
80.8%
flip backwards body straightback layout
78.8%
flip forwards body straightfront layout
78.8%
like a cartwheelroundoff
71.9%
jump and bring knees to chesttuck jump
68.6%
discription Skill % Correct
twist in the air while flippingfull
63.3%
jump and keep whole body straightstraight jump
63.2%
front sumersaultforward roll
62.1%
back sumersualtBackward roll
60.9%
lean backwards keep feet on ground hands hit the ground before head backbend
57.2%
cartwheel
30.6%
walk on toesreleve
29.4%
sking body back and forth cast
21.7%
bring legs up to bar while hanging leg lifts
14.2%
swing leg up in frontkicks
11.3%

You're not logged in!

Compare scores with friends on all Sporcle quizzes.
OR
Log In

Show Comments

Extras

Created Oct 13, 2010SourceReportNominate
Tags:event, gymnastics, skill

Top Quizzes Today


Score Distribution

Your Account Isn't Verified!

In order to create a playlist on Sporcle, you need to verify the email address you used during registration. Go to your Sporcle Settings to finish the process.

Report this User

Report this user for behavior that violates our Community Guidelines.

Details: